The noble scholar, jurist, historian


 His Excellency Dr. Abdul Wahhab bin Ibrahim Abu Sulaiman, may Allah have mercy on him.


 He was born in Umm Al-Qura in the year 1356 AH.

الإجراءات الجنائية الإسلامية وتطبيقاتها في المملكة العربية السعودية / (Record no. 11934)

MARC details
000 -LEADER
fixed length control field 02518cam a22003731i 4500
003 - CONTROL NUMBER IDENTIFIER
control field SA-RiAUC
005 - DATE AND TIME OF LATEST TRANSACTION
control field 20250921115434.0
008 - FIXED-LENGTH DATA ELEMENTS--GENERAL INFORMATION
fixed length control field 250919s1999 su f b i000u0 ara c
020 ## - INTERNATIONAL STANDARD BOOK NUMBER
International Standard Book Number 996072588X
040 ## - CATALOGING SOURCE
Original cataloging agency JO-MaAABU
Language of cataloging ara
Transcribing agency SA-RiAUC
Modifying agency KAC
Description conventions rda
043 ## - GEOGRAPHIC AREA CODE
Geographic area code a-su---
050 #4 - LIBRARY OF CONGRESS CALL NUMBER
Item number T6764 1999
082 04 - DEWEY DECIMAL CLASSIFICATION NUMBER
Classification number 255
Assigning agency SA-RiAUC
090 ## - LOCALLY ASSIGNED LC-TYPE CALL NUMBER (OCLC); LOCAL CALL NUMBER (RLIN)
Classification number (OCLC) (R) ; Classification number, CALL (RLIN) (NR) 255
Local cutter number (OCLC) ; Book number/undivided call number, CALL (RLIN) ت ر ك
100 1# - MAIN ENTRY--PERSONAL NAME
Personal name التركماني، عدنان خالد
Relator term مؤلف.
245 12 - TITLE STATEMENT
Title الإجراءات الجنائية الإسلامية وتطبيقاتها في المملكة العربية السعودية /
Statement of responsibility, etc. د. عدنان خالد التركماني.
250 ## - EDITION STATEMENT
Edition statement الطبعة الأولى.
264 #1 - PRODUCTION, PUBLICATION, DISTRIBUTION, MANUFACTURE, AND COPYRIGHT NOTICE
Place of production, publication, distribution, manufacture الرياض :
Name of producer, publisher, distributor, manufacturer أكاديمية نايف العربية للعلوم الأمنية، مركز الدراسات والبحوث،
Date of production, publication, distribution, manufacture, or copyright notice 1999
300 ## - PHYSICAL DESCRIPTION
Extent 487 صفحة ؛
Dimensions 24 سم.
336 ## - CONTENT TYPE
Content type term نص
Content type code txt
Source rdacontent
Materials specified كتاب
337 ## - MEDIA TYPE
Media type term بدون وسيط
Media type code n
Source rdamedia
338 ## - CARRIER TYPE
Carrier type term مجلد
Carrier type code nc
Source rdacarrier
490 1# - SERIES STATEMENT
Series statement إصدارات مركز الدراسات والبحوث / جامعة نايف العربية للعلوم الأمنية (الرياض) ؛
Volume/sequential designation 225
504 ## - BIBLIOGRAPHY, ETC. NOTE
Bibliography, etc. note يشتمل على إرجاعات ببليوجرافية.
504 ## - BIBLIOGRAPHY, ETC. NOTE
Bibliography, etc. note ببليوجرافية : صفحة 477-487.
520 ## - SUMMARY, ETC.
Summary, etc. يتناول كتاب (الإجراءات الجنائية الإسلامية وتطبيقاتها في المملكة العربية السعودية) والذي قام بتأليفه (عدنان خالد التركماني) في حوالي (487) صفحة من القطع المتوسط موضوع (الإجراءات الجنائية في السعودية) مستعرضا المحتويات التالية : تعريف الإجراءات وأهميتها وتميزها عن الأحكام الجنائية، الفصل الثاني : الدعوى الجنائية وأنواعها وصاحب الحق فيها، الفصل الثالث : الأنظمة الإجرائية ...وغيرها من الموضوعات.
650 #7 - SUBJECT ADDED ENTRY--TOPICAL TERM
Topical term or geographic name entry element الجنايات (فقه إسلامي)
Source of heading or term aucsh
650 #7 - SUBJECT ADDED ENTRY--TOPICAL TERM
Topical term or geographic name entry element العقوبات (فقه إسلامي)
Source of heading or term aucsh
650 #7 - SUBJECT ADDED ENTRY--TOPICAL TERM
Topical term or geographic name entry element قانون الإجراءات الجنائية
Geographic subdivision السعودية
Source of heading or term aucsh
650 #7 - SUBJECT ADDED ENTRY--TOPICAL TERM
Topical term or geographic name entry element القانون الجنائي
Geographic subdivision السعودية
Source of heading or term aucsh
830 #0 - SERIES ADDED ENTRY--UNIFORM TITLE
Uniform title إصدارات مركز الدراسات والبحوث (جامعة نايف العربية للعلوم الأمنية)
Volume/sequential designation 225
942 ## - ADDED ENTRY ELEMENTS (KOHA)
Source of classification or shelving scheme Dewey Decimal Classification
Koha item type Books
Suppress in OPAC No
949 ## - LOCAL PROCESSING INFORMATION (OCLC)
a SA-JeALM
d 250919
u mohamedma123
n 1
Holdings
Withdrawn status Lost status Source of classification or shelving scheme Damaged status Not for loan Home library Current library Date acquired Total checkouts Full call number Barcode Date last seen Price effective from Koha item type
    Dewey Decimal Classification     DR AbdElwahab Library DR AbdElwahab Library 09/21/2025   255 ت ر ك 000019213 09/21/2025 09/21/2025 Books